000 00565nam a22001937a 4500
005 20251108164009.0
008 250721s1994 xx 000 0 ara d
082 1 4 _a320.158/ناص
100 1 _aالناصر، أكرم عسكر
245 1 0 _aدروس جديدة في السياسة القومية /
264 1 _aعمان :
_c1994.
300 _a213ص
650 1 7 _aالقومية العربية
650 1 7 _aالوحدة العربية
650 1 7 _aالديمقراطية
650 1 7 _aالبلدان العربية
942 _2ddc
_cBK
999 _c1030
_d1030